000 00334pab a2200145 454500
008 180718b2006 xxu||||| |||| 00| 0 eng d
100 _aAcharya, Alka
245 _aRegional imbalances in China
260 _c2006
300 _ap.26-31.
362 _aJun
650 _aInternational relations
773 _aSeminar
909 _a69944
999 _c69944
_d69944